Civil Rights Quiz - Statistics

General Stats
  • This quiz has been taken 58 times
  • The average score is 7 of 11
Answer Stats
Question Answer % Correct
What was the case that ruled racial segregation as constitutional called? Plessy v. Ferguson
96%
Who refused to give up her bus seat to a white person? Rosa Parks
96%
What happened to them? They were arrested and fined
88%
What year did the Supreme Court rule that racial segregation was constitutional as 'separate but equal'? 1896
72%
What US State is the city of Montgomery in? Alabama
72%
Who became the new Chief Justice during the case (who supported civil rights)? Earl Warren
72%
What year did the Brown v. Topeka case end and [Q4] was overruled? 1954
64%
Who was the schoolgirl that Brown v. Topeka was named after, who had to cross a dangerous rail crossing to get to the black school that was further away and worse than the local white school? Linda Brown
56%
When did the Montgomery Bus Boycott take place? 1955-1956
40%
What was MLK elected as the chairman of during the Boycott? The MIA
40%
What year was the Brown v. Topeka case brought to the Supreme Court? 1952
12%
No matching quizzes found
Score Distribution
Percent of People with Each Score
Percentile by Number Answered
Your Score History
You have not taken this quiz